Risalah Jiwa : Sebuah risalah sufistik tentang pendidikan jiwa

Bibliographic Details
Main Author: Nuruddin, Sayid Abbas
Corporate Author: Title
Other Authors: Irwan Kurniawan
Format: Book
Published: Kuala Lumpur : Darulfikir , 2004
Subjects:

MARC

LEADER 00000cam a2200000 7i4500
001 0000013714
005 20080805.0
008 250108
020 |a 9793018607 
090 0 0 |a 297.4   |b NUR 
100 1 |a Nuruddin, Sayid Abbas 
245 1 0 |a Risalah Jiwa :   |b Sebuah risalah sufistik tentang pendidikan jiwa   |c Sayid Abbas Nuruddin 
260 |a Kuala Lumpur :   |b Darulfikir ,   |c 2004 
650 0 |a Faith   |x Islam 
650 0 |a Islam   |x Faith 
700 1 |a Irwan Kurniawan 
710 1 |a Title 
999 |a 0001004858   |b Book   |c Adult Collection   |e Perbadanan Perpustakaan Awam Johor 
999 |a 0001004859   |b Book   |c Adult Collection   |e Perbadanan Perpustakaan Awam Johor 
999 |a 0001004860   |b Book   |c Adult Collection   |e Perbadanan Perpustakaan Awam Johor 
999 |a 0001028436   |b Book   |c Adult Collection   |e Perbadanan Perpustakaan Awam Johor